Η προστασία της πνευματικής ιδιοκτησίας : η νέα Κοινοτική Οδηγία 2004/84
Αποθηκεύτηκε σε:
| Άλλοι συγγραφείς: | , |
|---|---|
| Μορφή: | Βιβλίο |
| Γλώσσα: | Greek |
| Δημοσίευση: |
Αθήνα; : Κομοτηνή :
Σάκκουλας,
2005.
|
| Θέματα: | |
| Ετικέτες: |
Προσθήκη ετικέτας
Δεν υπάρχουν, Καταχωρήστε ετικέτα πρώτοι!
|
MARC
| LEADER | 00000cam a2200000 i 4500 | ||
|---|---|---|---|
| 001 | 1/84941 | ||
| 008 | 080514s2005 gr | ||| |||| | gre|| | ||
| 020 | |a 9601515224 | ||
| 035 | |l 10097304 | ||
| 040 | |a GR-MyUa |b gre |e AACR2 | ||
| 041 | 0 | |a gre | |
| 082 | 7 | |a 364.0482 |2 (22) | |
| 245 | 0 | 2 | |a Η προστασία της πνευματικής ιδιοκτησίας : |b η νέα Κοινοτική Οδηγία 2004/84 / |c Γ. Κουμάντος ... [κ.ά.]. ; επιμέλεια: Πιερρίνα Κοριατοπούλου. |
| 260 | |a Αθήνα; : |a Κομοτηνή : |b Σάκκουλας, |c 2005. | ||
| 300 | |a 124 σ. ; |c 24 εκ. | ||
| 504 | |a Περιλαμβάνει βιβλιογραφίες. | ||
| 650 | 0 | |a Intellectual property |z European Economic Community countries. | |
| 650 | 0 | |a Copyright, International. | |
| 650 | 0 | |a Copyright |z Greece. | |
| 700 | 1 | |a Κουμάντος, Γιώργος Α., |d 1925-2007. | |
| 700 | 1 | |a Κοριατοπούλου, Πιερρίνα, |e edtf | |
| 852 | |a INST |b SYROS |e 20080514 |h 346.0482 ΠΡΟ |p 005500005962 |q 005500005962 |t BK |y 0 | ||
| 901 | |a BIBL5-2008-2 | ||
| 922 | |a 5ΕΛΗ |b 200801 |c ΕΠΕΑΕΚ2/ΤΜΣΠΣ |d Σ. Πατάκης | ||
| 970 | |a Κοντού |b Παρασκευή |z 14/05/2008 | ||